000 01123nam a2200313 c 4500
003 BLK
005 20180422113926.0
008 180410b bul|||||r ||||||| ||bul||
010 _aKNG00171012000
020 _a978-954-490-149-3
_bиздат.: Екс-прес
040 _aBLK
041 _aBUL
_cBUL
072 7 _2bullib
_aН84
_xБългарска художествена литература Н
080 _aБългарска литература
_b821.163.2
_x-31
_z821.163.2-31
100 1 _aВитанов, Генчо Витанов
_eпърви автор
_9373506
139 _aВитанов, Генчо Витанов
_bВ 65
245 1 0 _aПилигрими на любовта
_bРоман
_cГенчо Витанов Витанов.
257 _aBGR
260 Габрово
_bЕкс-прес
_c2010
300 _a351 с.
_c20 см
380 _aX
653 _aромани
659 _aН
852 _aЦб 272603
856 4 _qpdf
_u
856 4 _qpdf
_u
942 _cKNG
_n0
944 _aCR
_c11.02.2015
_lф /
_kВиолета_Тройчева
944 _aED
_c27.02.2015
_lф /
_kЛюдмила_Стоянова
999 _c163560
_d163560